000
00312nam a2200121Ia 4500
008
190216s9999||||xx |||||||||||||| ||und||
100
_a
Veera Reddy K
245
0
_a
Symmetry And Spectroscopy Of Molecules
260
_b
New Age International Publishers
_c
1999
300
_a
684p
650
_a
Chemistry
942
_c
BK
999
_c
2855
_d
2855